[Event "BL2 West 1819 (Women)"]
[Site "Germany"]
[Date "2018.11.17"]
[Round "3.1"]
[White "Michna, Marta"]
[Black "Bork, Sophie"]
[Result "1-0"]
[WhiteElo "2327"]
[BlackElo "1859"]
[PlyCount "71"]
[EventDate "2018.10.27"]
[EventType "team-tourn"]
[EventRounds "7"]
[EventCountry "GER"]
[SourceTitle "CBM 190 Extra"]
[Source "ChessBase"]
[SourceDate "2019.07.15"]
[SourceVersion "1"]
[SourceVersionDate "2019.07.15"]
[SourceQuality "1"]
[WhiteTeam "Kiel Doppelbauer (W)"]
[BlackTeam "Paderborn Blauer Springer (W)"]
[WhiteTeamCountry "GER"]
[BlackTeamCountry "GER"]

1. Nf3 d5 2. d3 Nf6 3. Nbd2 e6 4. e4 c5 5. Be2 Nc6 6. 0-0 Be7 7. c3 0-0 8. a4 b6 9. Re1 Ba6 10. e5 Nd7 11. Bf1 Qc7 12. Qe2 Rae8 13. g3 f5 14. Nb1 Qd8 15. h4 d4 16. Bf4 Bb7 17. Nbd2 dxc3 18. bxc3 Na5 19. Nc4 Nxc4 20. dxc4 Qc7 21. Bg2 Nb8 22. a5 bxa5 23. Qa2 Nc6 24. Nd2 Rd8 25. Rab1 Ba8 26. Nf1 Rd3 27. Ne3 Rfd8 28. Nd5 exd5 29. cxd5 Kh8 30. d6 Bxd6 31. exd6 Qd7 32. Qc4 Rxd6 33. Bxd6 Qxd6 34. Re6 Qd7 35. Rbe1 h6 36. Qxc5 1-0

[Event "Dortmund Helmut Kohl"]
[Site "Dortmund"]
[Date "2018.07.14"]
[Round "1"]
[White "Bork, Sophie"]
[Black "Garbuz, Vitaliy"]
[Result "0-1"]
[WhiteElo "1916"]
[BlackElo "2055"]
[PlyCount "60"]
[EventDate "2018.07.14"]
[EventType "tourn"]
[EventRounds "9"]
[EventCountry "GER"]
[SourceTitle "CBM 185 Extra"]
[Source "ChessBase"]
[SourceDate "2018.07.29"]
[SourceVersion "1"]
[SourceVersionDate "2018.07.29"]
[SourceQuality "1"]

1. e4 e5 2. Nf3 Nc6 3. Bb5 a6 4. Ba4 Nge7 5. c3 g6 6. d4 exd4 7. cxd4 Bg7 8. d5 b5 9. Bc2 Na5 10. Nc3 d6 11. 0-0 0-0 12. Bg5 h6 13. Bh4 Nc4 14. Qc1 g5 15. Bg3 Ng6 16. Bd3 g4 17. Nd2 Nce5 18. Be2 f5 19. exf5 Bxf5 20. f3 Nd3 21. Bxd3 Bxd3 22. Re1 Bd4+ 23. Kh1 Qg5 24. Nce4 Qxd5 25. Nb3 gxf3 26. gxf3 Rxf3 27. Nxd4 Qxd4 28. Qxh6 Bxe4 29. Rxe4 Qxe4 30. Kg1 Qe3+ 0-1

[Event "Ruhrgebiet Verbandsklasse Gruppe 3 1718"]
[Site "Germany"]
[Date "2018.03.18"]
[Round "8.5"]
[White "Bork, Sophie"]
[Black "Hater, Norbert"]
[Result "1/2-1/2"]
[WhiteElo "1902"]
[BlackElo "1879"]
[PlyCount "42"]
[EventDate "2017.09.17"]
[EventType "team-tourn"]
[EventRounds "9"]
[EventCountry "GER"]
[SourceTitle "EXT 2022"]
[Source "ChessBase"]
[SourceDate "2021.10.06"]
[SourceVersion "1"]
[SourceVersionDate "2021.10.06"]
[SourceQuality "1"]
[WhiteTeam "Mengede SG"]
[BlackTeam "Hervest Dorsten"]
[WhiteTeamCountry "GER"]
[BlackTeamCountry "GER"]

1. e4 d5 2. exd5 Qxd5 3. Nf3 Nf6 4. d4 Bf5 5. Nc3 Qd6 6. Bc4 e6 7. h3 Be7 8. Be3 c6 9. Nh4 Bg6 10. Nxg6 hxg6 11. Qd2 Nbd7 12. Bb3 Qc7 13. a3 Bd6 14. Qd3 Nd5 15. Bxd5 exd5 16. 0-0-0 0-0-0 17. Rde1 Rde8 18. Bd2 Nf6 19. Qf3 Qd7 20. Bf4 Bxf4+ 21. Qxf4 Qc7 1/2-1/2

[Event "BL2 West 1718 (Women)"]
[Site "Germany"]
[Date "2018.02.17"]
[Round "6.2"]
[White "Engels, Natia"]
[Black "Bork, Sophie"]
[Result "1/2-1/2"]
[WhiteElo "2127"]
[BlackElo "1884"]
[PlyCount "89"]
[EventDate "2017.10.14"]
[EventType "team-tourn"]
[EventRounds "7"]
[EventCountry "GER"]
[SourceTitle "EXT 2019"]
[Source "ChessBase"]
[SourceDate "2018.10.10"]
[SourceVersion "1"]
[SourceVersionDate "2018.10.10"]
[SourceQuality "1"]
[WhiteTeam "Steinfurt (W)"]
[BlackTeam "Paderborn Blauer Springer (W)"]
[WhiteTeamCountry "GER"]
[BlackTeamCountry "GER"]

1. Nf3 d5 2. d4 c5 3. dxc5 Nc6 4. e3 Nf6 5. c4 e6 6. Nc3 Bxc5 7. cxd5 exd5 8. Bb5 0-0 9. 0-0 Bg4 10. h3 Bh5 11. Be2 a6 12. Nd4 Bg6 13. Nxc6 bxc6 14. Bd3 Qd6 15. Bxg6 fxg6 16. Bd2 Bb6 17. b4 Bc7 18. g3 Nh5 19. Qg4 Nf6 20. Qd1 Rf7 21. Be1 Raf8 22. Na4 Ne4 23. f4 Bb8 24. Nc3 Nf6 25. Qb3 Qe6 26. Kg2 Re8 27. Rf3 Qc8 28. Rc1 Qb7 29. Na4 Ne4 30. Nc5 Qb5 31. Qd3 Nxc5 32. Qxb5 axb5 33. Rxc5 Rf6 34. Bc3 Rfe6 35. Bd4 Ba7 36. Rc2 Bxd4 37. exd4 Re4 38. Rxc6 Rxd4 39. Rc5 Re2+ 40. Rf2 Rxf2+ 41. Kxf2 Rxb4 42. Rxd5 Rb2+ 43. Ke3 b4 44. Ra5 b3 45. axb3 1/2-1/2

[Event "Ruhrgebiet Verbandsklasse Gruppe 3 1718"]
[Site "Germany"]
[Date "2018.01.14"]
[Round "5.5"]
[White "Tober, Julian"]
[Black "Bork, Sophie"]
[Result "0-1"]
[WhiteElo "1731"]
[BlackElo "1888"]
[PlyCount "74"]
[EventDate "2017.09.17"]
[EventType "team-tourn"]
[EventRounds "9"]
[EventCountry "GER"]
[SourceTitle "EXT 2022"]
[Source "ChessBase"]
[SourceDate "2021.10.06"]
[SourceVersion "1"]
[SourceVersionDate "2021.10.06"]
[SourceQuality "1"]
[WhiteTeam "Wanne-Eickel SV Unser Fritz"]
[BlackTeam "Mengede SG"]
[WhiteTeamCountry "GER"]
[BlackTeamCountry "GER"]

1. e4 e5 2. Nf3 Nc6 3. d4 exd4 4. Bc4 Be7 5. c3 Na5 6. Qxd4 Nxc4 7. Qxc4 d6 8. 0-0 Nf6 9. Bf4 0-0 10. Re1 Be6 11. Qd3 Nd7 12. Nbd2 Nc5 13. Qc2 Qd7 14. a4 a5 15. e5 Bf5 16. Qd1 Nd3 17. exd6 Nxe1 18. Ne5 Qxd6 19. Qxe1 Rfe8 20. Ndc4 Qe6 21. Ne3 Bd6 22. Nf3 Bxf4 23. Nd4 Qd7 24. Ndxf5 Bxe3 25. Nxe3 Rad8 26. h3 h6 27. Qe2 Qd3 28. Qh5 b6 29. Qh4 Qe4 30. Qg3 Qe5 31. Qg4 Re6 32. Qc4 Red6 33. Rb1 Rd2 34. Ng4 Rd1+ 35. Rxd1 Rxd1+ 36. Qf1 Rxf1+ 37. Kxf1 Qe8 0-1

[Event "Ruhrgebiet Verbandsklasse Gruppe 3 1718"]
[Site "Germany"]
[Date "2017.11.05"]
[Round "3.4"]
[White "Bork, Sophie"]
[Black "Schaper, Steffen"]
[Result "1/2-1/2"]
[WhiteElo "1888"]
[BlackElo "1972"]
[PlyCount "89"]
[EventDate "2017.09.17"]
[EventType "team-tourn"]
[EventRounds "9"]
[EventCountry "GER"]
[SourceTitle "EXT 2022"]
[Source "ChessBase"]
[SourceDate "2021.10.06"]
[SourceVersion "1"]
[SourceVersionDate "2021.10.06"]
[SourceQuality "1"]
[WhiteTeam "Mengede SG"]
[BlackTeam "Bochum-Linden"]
[WhiteTeamCountry "GER"]
[BlackTeamCountry "GER"]

1. e4 c5 2. c3 d5 3. exd5 Qxd5 4. Nf3 Nc6 5. Na3 Bg4 6. Be2 e6 7. 0-0 Nf6 8. d4 cxd4 9. Nb5 Rc8 10. Nbxd4 Nxd4 11. Nxd4 Bxe2 12. Qxe2 a6 13. Be3 Be7 14. Rfd1 0-0 15. Nf3 Qa5 16. Bd4 Rfd8 17. Ne5 Qc7 18. Rd3 Bc5 19. Rad1 Bxd4 20. Rxd4 Rxd4 21. Rxd4 Rd8 22. Qd1 Rxd4 23. Qxd4 h6 24. h3 Nd5 25. a3 Qb6 26. Qd2 Qc7 27. Nd3 Qc4 28. Kh2 Qc7+ 29. Kg1 Qc4 30. Qe2 Nf6 31. Qf3 Qb5 32. b4 Qc4 33. Nc5 b6 34. Qa8+ Kh7 35. Qxa6 b5 36. a4 Qxc3 37. Qxb5 Qe1+ 38. Qf1 Qxb4 39. Qc1 Nd5 40. Qc2+ g6 41. Na6 Qa5 42. Qc4 Qe1+ 43. Qf1 Qa5 44. Qb5 Qe1+ 45. Qf1 1/2-1/2

[Event "Dortmund Sparkassen op-A 45th"]
[Site "Dortmund"]
[Date "2017.07.20"]
[Round "6"]
[White "Bork, Sophie"]
[Black "Manthei, Michael"]
[Result "1-0"]
[WhiteElo "1858"]
[BlackElo "2004"]
[PlyCount "45"]
[EventDate "2017.07.15"]
[EventType "swiss"]
[EventRounds "9"]
[EventCountry "GER"]
[SourceTitle "CBM 179 Extra"]
[Source "ChessBase"]
[SourceDate "2017.08.23"]
[SourceVersion "1"]
[SourceVersionDate "2017.08.23"]
[SourceQuality "1"]

1. e4 g6 2. d4 Bg7 3. Nc3 h6 4. f4 a6 5. Nf3 e6 6. a4 b6 7. Be2 Bb7 8. 0-0 Ne7 9. Be3 d5 10. exd5 Nxd5 11. Nxd5 Qxd5 12. c4 Qd6 13. Ne5 Nd7 14. Qc2 Nxe5 15. dxe5 Qe7 16. c5 bxc5 17. Bxc5 Qd8 18. Rad1 Bd5 19. Bd3 Rg8 20. a5 Bf8 21. Be3 Qb8 22. Be4 c6 23. Qxc6+ 1-0

[Event "Dortmund Sparkassen op-A 45th"]
[Site "Dortmund"]
[Date "2017.07.15"]
[Round "1"]
[White "Bork, Sophie"]
[Black "Guelsen, Taylan"]
[Result "0-1"]
[WhiteElo "1858"]
[BlackElo "2095"]
[PlyCount "32"]
[EventDate "2017.07.15"]
[EventType "swiss"]
[EventRounds "9"]
[EventCountry "GER"]
[SourceTitle "CBM 179 Extra"]
[Source "ChessBase"]
[SourceDate "2017.08.23"]
[SourceVersion "1"]
[SourceVersionDate "2017.08.23"]
[SourceQuality "1"]

1. e4 e6 2. d4 d5 3. Nd2 c5 4. exd5 Qxd5 5. dxc5 Bxc5 6. Ngf3 Nf6 7. Bc4 Qh5 8. 0-0 0-0 9. Nb3 Bb6 10. Qe2 Nc6 11. Bg5 e5 12. Be3 e4 13. Nfd2 Bg4 14. Qe1 Bc7 15. h3 Bxh3 16. gxh3 Qxh3 0-1

[Event "Ruhrgebiet Verbandsklasse Gruppe 3 1617"]
[Site "Germany"]
[Date "2017.01.29"]
[Round "6.5"]
[White "Bork, Sophie"]
[Black "Boecker, Juergen"]
[Result "1/2-1/2"]
[WhiteElo "1878"]
[BlackElo "1787"]
[PlyCount "58"]
[EventDate "2016.09.04"]
[EventType "team-tourn"]
[EventRounds "9"]
[EventCountry "GER"]
[SourceTitle "EXT 2022"]
[Source "ChessBase"]
[SourceDate "2021.10.06"]
[SourceVersion "1"]
[SourceVersionDate "2021.10.06"]
[SourceQuality "1"]
[WhiteTeam "Mengede SG"]
[BlackTeam "Oberhausen SW"]
[WhiteTeamCountry "GER"]
[BlackTeamCountry "GER"]

1. e4 e5 2. Nf3 Nf6 3. d4 Nxe4 4. Bd3 d5 5. dxe5 Nc5 6. Be2 Be7 7. 0-0 0-0 8. Be3 Bg4 9. Nd4 Bxe2 10. Qxe2 Ne6 11. Nf5 Bc5 12. Bxc5 Nxc5 13. Nc3 Qd7 14. Nxd5 Kh8 15. Nfe3 c6 16. Nc3 Nba6 17. f4 Qe6 18. Nc4 b5 19. Nd6 f5 20. Qh5 Nb4 21. Rac1 Nd5 22. Nxd5 cxd5 23. Rf3 Ne4 24. Rh3 h6 25. Nxe4 fxe4 26. Rf1 Rf5 27. Qe2 Raf8 28. Qxb5 d4 29. Qb7 Qxe5 1/2-1/2

[Event "Ruhrgebiet Verbandsklasse Gruppe 3 1617"]
[Site "Germany"]
[Date "2016.12.18"]
[Round "5.5"]
[White "Hofmann, Nicolas"]
[Black "Bork, Sophie"]
[Result "0-1"]
[WhiteElo "1592"]
[BlackElo "1889"]
[PlyCount "68"]
[EventDate "2016.09.04"]
[EventType "team-tourn"]
[EventRounds "9"]
[EventCountry "GER"]
[SourceTitle "EXT 2022"]
[Source "ChessBase"]
[SourceDate "2021.10.06"]
[SourceVersion "1"]
[SourceVersionDate "2021.10.06"]
[SourceQuality "1"]
[WhiteTeam "Recklinghausen Laeufer Ost"]
[BlackTeam "Mengede SG"]
[WhiteTeamCountry "GER"]
[BlackTeamCountry "GER"]

1. d4 d5 2. Nf3 Nf6 3. Bf4 Bf5 4. e3 Nbd7 5. Nbd2 Rc8 6. h3 h6 7. c3 e6 8. Qa4 a6 9. Ne5 c6 10. Ndf3 Qb6 11. b4 Nxe5 12. Bxe5 Ne4 13. Rc1 f6 14. Bh2 Nxc3 15. Qb3 Bxb4 16. Rxc3 Qa5 17. Kd2 Bxc3+ 18. Qxc3 Qxa2+ 19. Kd1 Qxf2 20. Qd2 Qxd2+ 21. Kxd2 c5 22. Bd3 Bxd3 23. Kxd3 cxd4 24. Nxd4 Ke7 25. Rb1 b5 26. Ra1 Ra8 27. Nc6+ Kd7 28. Na5 e5 29. Bg1 Rhc8 30. Kd2 Rc7 31. Ra2 Rac8 32. Nb3 Rc6 33. Bf2 Ke6 34. Kd3 Rc3+ 0-1

[Event "BL2 Ost 1617 (Women)"]
[Site "Germany"]
[Date "2016.10.22"]
[Round "1.2"]
[White "Burchardt, Brigitte"]
[Black "Bork, Sophie"]
[Result "1-0"]
[WhiteElo "2193"]
[BlackElo "1839"]
[PlyCount "107"]
[EventDate "2016.10.22"]
[EventType "team-tourn"]
[EventRounds "7"]
[EventCountry "GER"]
[SourceTitle "EXT 2018"]
[Source "ChessBase"]
[SourceDate "2017.10.13"]
[SourceVersion "1"]
[SourceVersionDate "2017.10.13"]
[SourceQuality "1"]
[WhiteTeam "Rotation Pankow (W)"]
[BlackTeam "Paderborn (W)"]
[WhiteTeamCountry "GER"]
[BlackTeamCountry "GER"]

1. e4 e5 2. Nf3 Nc6 3. Bc4 Bc5 4. d3 Nf6 5. 0-0 0-0 6. Re1 d6 7. c3 Be6 8. Nbd2 Ng4 9. Re2 Ne7 10. h3 Bxc4 11. Nxc4 Nf6 12. d4 exd4 13. cxd4 Bb6 14. Bg5 Ng6 15. a4 c6 16. Qb3 h6 17. Bxf6 Qxf6 18. Nxb6 axb6 19. Qxb6 Nf4 20. Re3 Qg6 21. Ne1 Rae8 22. Qxb7 Rxe4 23. Qxc6 Rxe3 24. fxe3 Nxh3+ 25. Kf1 Ng5 26. a5 Qf5+ 27. Kg1 Qe6 28. Qc3 Ne4 29. Qd3 Qf5 30. Nf3 Rb8 31. b3 g5 32. Rf1 Qd5 33. Rb1 g4 34. Nd2 Nxd2 35. Qxd2 Rxb3 36. Rxb3 Qxb3 37. Kh2 Qb5 38. e4 h5 39. d5 Kf8 40. Kg3 Qa4 41. Qh6+ Ke7 42. Qg5+ Ke8 43. Qf4 Ke7 44. e5 Qb3+ 45. Kh4 Qxd5 46. Qf6+ Kd7 47. Qxd6+ Qxd6 48. exd6 Kxd6 49. Kxh5 g3 50. Kg4 Kc5 51. Kxg3 Kb5 52. Kf4 Kxa5 53. Kf5 Kb4 54. Kf6 1-0

[Event "Dortmund Sparkassen op-B 44th"]
[Site "Dortmund"]
[Date "2016.07.14"]
[Round "6"]
[White "Bork, Sophie"]
[Black "Wuebker, Paul Luca"]
[Result "1-0"]
[WhiteElo "1849"]
[BlackElo "1785"]
[PlyCount "111"]
[EventDate "2016.07.09"]
[EventType "swiss"]
[EventRounds "9"]
[EventCountry "GER"]
[SourceTitle "CBM 173 Extra"]
[Source "ChessBase"]
[SourceDate "2016.08.29"]
[SourceVersion "1"]
[SourceVersionDate "2016.08.29"]
[SourceQuality "1"]

1. e4 c5 2. c3 d6 3. d4 Nf6 4. Nd2 Nc6 5. d5 Ne5 6. Ngf3 Nxf3+ 7. Nxf3 g6 8. Bd3 Bg7 9. 0-0 0-0 10. Re1 a6 11. a4 Bd7 12. Qb3 b5 13. axb5 axb5 14. Rxa8 Qxa8 15. Qd1 Rb8 16. Bc2 Qa1 17. h3 Be8 18. e5 Nd7 19. e6 Ne5 20. Ng5 f6 21. Ne4 Nc4 22. b3 Nb6 23. g4 Qa8 24. Nxc5 dxc5 25. Be4 Rd8 26. d6 Qc8 27. d7 Nxd7 28. exd7 Rxd7 29. Bd5+ Bf7 30. Bxf7+ Kxf7 31. Qe2 Qc6 32. c4 b4 33. Bf4 e5 34. Bg3 g5 35. f4 e4 36. Rd1 Rxd1+ 37. Qxd1 Ke7 38. f5 Bf8 39. Kf2 Qd7 40. Qxd7+ Kxd7 41. Ke3 Bd6 42. Bf2 Be5 43. Kxe4 Kc6 44. h4 h6 45. Kf3 Bf4 46. Be1 Kd6 47. Ke4 Be5 48. hxg5 hxg5 49. Bd2 Bd4 50. Bxb4 Be5 51. Bd2 Bb2 52. b4 cxb4 53. Bxb4+ Kc6 54. Kd3 Be5 55. Bc3 Kd6 56. Bd4 1-0

[Event "GER-ch U18 Girls"]
[Site "Willingen"]
[Date "2016.05.15"]
[Round "2"]
[White "Zahn, Alina"]
[Black "Bork, Sophie"]
[Result "1/2-1/2"]
[WhiteElo "2116"]
[BlackElo "1735"]
[PlyCount "266"]
[EventDate "2016.05.15"]
[EventType "swiss"]
[EventRounds "9"]
[EventCountry "GER"]
[SourceTitle "CBM 172 Extra"]
[Source "ChessBase"]
[SourceDate "2016.06.21"]
[SourceVersion "1"]
[SourceVersionDate "2016.06.21"]
[SourceQuality "1"]

1. e4 e5 2. Nf3 Nc6 3. Bc4 Bc5 4. c3 Nf6 5. d3 0-0 6. b4 Be7 7. Qb3 a5 8. b5 a4 9. Qc2 Na5 10. Nbd2 Nxc4 11. Nxc4 d6 12. 0-0 Nh5 13. Ne3 Nf4 14. d4 exd4 15. cxd4 Bd7 16. Rb1 Ne6 17. Nd5 Re8 18. Nxe7+ Qxe7 19. Re1 Qf6 20. Be3 Qe7 21. d5 Nc5 22. e5 Qf8 23. b6 g6 24. e6 fxe6 25. Bxc5 dxc5 26. Ne5 Bc8 27. Re3 exd5 28. Qd3 d4 29. Rf3 Qg7 30. Qc4+ Be6 31. Qxc5 Bxa2 32. Re1 cxb6 33. Qxd4 Ra5 34. Rfe3 Rd5 35. Qxa4 Rdxe5 36. Rxe5 Rxe5 37. Qxa2+ Kf8 38. Qa8+ Kf7 39. Qxb7+ Ke6 40. Qxb6+ Kf5 41. Qb1+ Ke6 42. Qb6+ Ke7 43. Qb7+ Ke6 44. Qc8+ Ke7 45. Qc7+ Ke6 46. Qc6+ Kf5 47. Qf3+ Ke6 48. Qg4+ Ke7 49. Rd1 Rf5 50. Qb4+ Kf6 51. h4 Qa7 52. Qd6+ Kg7 53. Qd2 Qe7 54. g3 Qa7 55. Qc3+ Kf7 56. Rd2 Kg8 57. Qc6 Qa1+ 58. Kg2 Rf7 59. Qd5 Qa7 60. Qe5 Qb7+ 61. Kh2 Qb6 62. Qe2 Kg7 63. Rc2 Qb7 64. Qe5+ Kg8 65. Rb2 Qc6 66. Qd4 Rf8 67. Qe3 Qf6 68. Re2 Qf7 69. Kg1 Qb7 70. Qd3 Ra8 71. Qc4+ Qf7 72. Qxf7+ Kxf7 73. Rb2 h5 74. Rb6 Ra1+ 75. Kg2 Ra5 76. Rc6 Rb5 77. Ra6 Rc5 78. Ra4 Rb5 79. g4 hxg4 80. Rxg4 Ra5 81. Kg3 Kf6 82. Rf4+ Kg7 83. Kg4 Rb5 84. Ra4 Kf6 85. Ra6+ Kg7 86. Rc6 Kf7 87. Rc7+ Kf6 88. Rc6+ Kg7 89. f3 Kf7 90. Rc7+ Kf6 91. Rc8 Kg7 92. Rc4 Kf6 93. Re4 Ra5 94. Re8 Kg7 95. Re6 Kf7 96. Rb6 Kg7 97. Rc6 Rb5 98. f4 Ra5 99. Re6 Ra1 100. Re3 Kf6 101. Rb3 Ra5 102. Rb6+ Kg7 103. Re6 Ra1 104. Re3 Kf6 105. Rb3 Ra5 106. Rb6+ Kg7 107. Kf3 Rc5 108. Re6 Rh5 109. Kg4 Ra5 110. Re5 Ra1 111. h5 gxh5+ 112. Kxh5 Kf6 113. Kg4 Rg1+ 114. Kf3 Rf1+ 115. Kg3 Rg1+ 116. Kf2 Rg4 117. Kf3 Rg1 118. Ra5 Rf1+ 119. Kg3 Kg6 120. Kg4 Rg1+ 121. Kf3 Rf1+ 122. Ke4 Re1+ 123. Kd3 Rf1 124. Ke3 Kf6 125. Ke4 Re1+ 126. Kf3 Rf1+ 127. Ke3 Ke6 128. Ke4 Re1+ 129. Kf3 Kf6 130. Ra6+ Kf5 131. Ra5+ Kf6 132. Ra6+ Kf5 133. Ra5+ Kf6 1/2-1/2

[Event "Ruhrgebiet Verbandsklasse Gruppe 3 1516"]
[Site "Germany"]
[Date "2015.11.08"]
[Round "3.7"]
[White "Gajda, Peter"]
[Black "Bork, Sophie"]
[Result "1/2-1/2"]
[WhiteElo "1757"]
[BlackElo "1818"]
[PlyCount "41"]
[EventDate "2015.09.06"]
[EventType "team-tourn"]
[EventRounds "9"]
[EventCountry "GER"]
[SourceTitle "EXT 2022"]
[Source "ChessBase"]
[SourceDate "2021.10.06"]
[SourceVersion "1"]
[SourceVersionDate "2021.10.06"]
[SourceQuality "1"]
[WhiteTeam "Kirchhellen SF"]
[BlackTeam "Mengede SG"]
[WhiteTeamCountry "GER"]
[BlackTeamCountry "GER"]

1. d4 d5 2. Nf3 c5 3. g3 Nc6 4. Bg2 Nf6 5. 0-0 e6 6. b3 cxd4 7. Nxd4 Bc5 8. Nxc6 bxc6 9. c4 Qb6 10. e3 Ba6 11. Qc2 0-0 12. Nd2 Rfe8 13. Nf3 Rad8 14. Bb2 Ne4 15. Bd4 f6 16. Bxc5 Qxc5 17. Rac1 Nd6 18. Nd2 dxc4 19. Nxc4 Nxc4 20. bxc4 Re7 21. Qa4 1/2-1/2

[Event "Dortmund Sparkassen op-B"]
[Site "Dortmund"]
[Date "2015.07.04"]
[Round "8"]
[White "Freiknecht, Holger"]
[Black "Bork, Sophie"]
[Result "1-0"]
[WhiteElo "1837"]
[BlackElo "1719"]
[PlyCount "65"]
[EventDate "2015.06.27"]
[EventType "swiss"]
[EventRounds "9"]
[EventCountry "GER"]
[SourceTitle "CBM 167 Extra"]
[Source "ChessBase"]
[SourceDate "2015.09.14"]
[SourceVersion "1"]
[SourceVersionDate "2015.09.14"]
[SourceQuality "1"]

1. e4 e5 2. Nf3 Nc6 3. Bb5 f5 4. d3 fxe4 5. dxe4 Nf6 6. 0-0 d6 7. Qd3 Bg4 8. c3 Qd7 9. Rd1 Be7 10. b4 Rf8 11. Rf1 Nh5 12. Ne1 Nf4 13. Bxf4 Rxf4 14. Nd2 a6 15. Ba4 b5 16. Bb3 Nd8 17. a4 Rb8 18. axb5 axb5 19. Nc2 Ne6 20. Ne3 Bh5 21. Bxe6 Qxe6 22. Nd5 Qf7 23. Nxf4 exf4 24. Ra7 Bd8 25. Re1 g5 26. e5 d5 27. e6 Qe7 28. Qxd5 Bg6 29. Ne4 g4 30. Nc5 f3 31. Qc6+ Kf8 32. Nd7+ Kg7 33. Nxb8 1-0

[Event "Dortmund Sparkassen op-B"]
[Site "Dortmund"]
[Date "2015.07.02"]
[Round "6"]
[White "Bork, Sophie"]
[Black "Litfin, Boris"]
[Result "1-0"]
[WhiteElo "1719"]
[BlackElo "1823"]
[PlyCount "120"]
[EventDate "2015.06.27"]
[EventType "swiss"]
[EventRounds "9"]
[EventCountry "GER"]
[SourceTitle "CBM 167 Extra"]
[Source "ChessBase"]
[SourceDate "2015.09.14"]
[SourceVersion "1"]
[SourceVersionDate "2015.09.14"]
[SourceQuality "1"]

1. e4 e6 2. d4 d5 3. Nd2 Nf6 4. e5 Nfd7 5. Bd3 c5 6. c3 Nc6 7. Ne2 cxd4 8. cxd4 Qb6 9. Nf3 Bb4+ 10. Bd2 Bxd2+ 11. Qxd2 Qb4 12. a3 Qxd2+ 13. Nxd2 0-0 14. 0-0 f6 15. f4 Nb6 16. Rf3 Bd7 17. Rh3 g6 18. Nb3 Na4 19. Rb1 a6 20. Bc2 Rac8 21. Nc3 Ne7 22. Na5 Nxc3 23. bxc3 b5 24. Nb7 Rc7 25. Nc5 fxe5 26. fxe5 Rfc8 27. Rf1 Kg7 28. Rhf3 Nf5 29. g4 Nh6 30. h3 a5 31. Rf6 Re8 32. h4 Bc8 33. g5 Nf5 34. Bxf5 gxf5 35. Kf2 Kh8 36. h5 Rg7 37. Rg1 Kg8 38. Kf3 Kh8 39. Kf4 Kg8 40. Rb1 b4 41. cxb4 axb4 42. axb4 Kh8 43. b5 Reg8 44. Rg1 Re7 45. b6 Rge8 46. Rb1 Bb7 47. Ra1 Bc6 48. Ra7 Rxa7 49. bxa7 Ra8 50. Nxe6 Bd7 51. Rf8+ Rxf8 52. Nxf8 Bc6 53. Ne6 h6 54. g6 Kg8 55. Nc7 Kf8 56. a8Q+ Bxa8 57. Nxa8 Ke7 58. Kxf5 Kf8 59. e6 Kg8 60. e7 Kg7 1-0

[Event "Dortmund Sparkassen op-B"]
[Site "Dortmund"]
[Date "2015.07.01"]
[Round "5"]
[White "Savchenko, Daniel"]
[Black "Bork, Sophie"]
[Result "1/2-1/2"]
[WhiteElo "1897"]
[BlackElo "1719"]
[PlyCount "79"]
[EventDate "2015.06.27"]
[EventType "swiss"]
[EventRounds "9"]
[EventCountry "GER"]
[SourceTitle "CBM 167 Extra"]
[Source "ChessBase"]
[SourceDate "2015.09.14"]
[SourceVersion "1"]
[SourceVersionDate "2015.09.14"]
[SourceQuality "1"]

1. e4 e5 2. Nf3 Nc6 3. Bb5 a6 4. Ba4 Nge7 5. 0-0 g6 6. c3 Bg7 7. Re1 0-0 8. d3 b5 9. Bc2 d5 10. exd5 Nxd5 11. Nbd2 Re8 12. Ne4 Nce7 13. d4 exd4 14. Nxd4 Nf5 15. Nf3 Bb7 16. Nc5 Rxe1+ 17. Qxe1 Bc8 18. a4 Qf8 19. Nd3 Bb7 20. axb5 axb5 21. Rxa8 Bxa8 22. Bd2 Nb6 23. Nde5 Nd6 24. b3 Nd5 25. c4 bxc4 26. bxc4 Ne7 27. Qe2 Ndf5 28. Bc3 Qe8 29. Qd2 Nd6 30. Ng4 Bxf3 31. gxf3 Qf8 32. Bxg7 Qxg7 33. c5 Qa1+ 34. Kg2 Ndf5 35. Nh6+ Nxh6 36. Qd8+ Kg7 37. Qxe7 Qa5 38. Be4 Qa7 39. c6 Qb8 40. Kg1 1/2-1/2

[Event "Dortmund Sparkassen op-B"]
[Site "Dortmund"]
[Date "2015.06.27"]
[Round "1"]
[White "Schwarz, Andreas"]
[Black "Bork, Sophie"]
[Result "1/2-1/2"]
[WhiteElo "1470"]
[BlackElo "1719"]
[PlyCount "66"]
[EventDate "2015.06.27"]
[EventType "swiss"]
[EventRounds "9"]
[EventCountry "GER"]
[SourceTitle "CBM 167 Extra"]
[Source "ChessBase"]
[SourceDate "2015.09.14"]
[SourceVersion "1"]
[SourceVersionDate "2015.09.14"]
[SourceQuality "1"]

1. Nf3 d5 2. d4 c5 3. c3 Nc6 4. Bf4 Bf5 5. e3 e6 6. Bd3 Bxd3 7. Qxd3 c4 8. Qc2 Nf6 9. Nbd2 b5 10. a3 Be7 11. h3 0-0 12. 0-0 a5 13. e4 dxe4 14. Nxe4 Qd5 15. Rfe1 b4 16. Nxf6+ Bxf6 17. Be5 Bxe5 18. Nxe5 bxc3 19. bxc3 Rfb8 20. Qa4 Nxe5 21. Rxe5 Qd6 22. Qxc4 Rb2 23. Rc5 h6 24. g3 Qb6 25. a4 Rb8 26. Re1 Rb1 27. Rxb1 Qxb1+ 28. Qf1 Qc2 29. Rb5 Rxb5 30. Qxb5 Qxc3 31. Qd7 Qe1+ 32. Kg2 Qe4+ 33. Kh2 Qf5 1/2-1/2